| 000 | 00798nam a2200301 a 4500 | ||
|---|---|---|---|
| 003 | AR-BaBNM | ||
| 005 | 20251128203519.0 | ||
| 008 | 082120s2002 ||||||||||||||000 | spa|| | ||
| 040 | _cAR-BaBNM | ||
| 100 | 1 | _aDassen Castro, Horacio N. | |
| 245 | 0 | 0 | _aTeoría sociológica |
| 260 |
_aBuenos Aires _bCooperadora de Derecho y Ciencias Sociales _c1968 |
||
| 300 | _a192 p. | ||
| 504 | _aBibliografía: p. 182-187 | ||
| 650 | 4 | _aSOCIOLOGIA | |
| 650 | 4 | _aSIGLO DIECIOCHO | |
| 650 | 4 | _aSIGLO DIECINUEVE | |
| 650 | 4 | _aGRUPOS | |
| 650 | 4 | _aHISTORIA SOCIAL | |
| 650 | 4 | _aMEDIO SOCIAL | |
| 650 | 4 | _aCIENCIAS SOCIALES | |
| 650 | 4 | _aCONCEPTOS MORALES | |
| 650 | 4 | _aESTADO | |
| 650 | 4 | _aCLASES SOCIALES | |
| 700 | 1 |
_aOrlandi, Héctor Rodolfo _eprologuista |
|
| 942 | _cBK | ||
| 998 | _csilvi | ||
| 999 |
_c3727 _d3727 |
||